000 00934nam0a22002531 4500
001 rc\664829
005 20250621203220.0
035 _a(NLR Aleph) 005903791
090 _a6304602
_c6304601
100 _a20031121d1986 |||y0rusy50 ca
101 0 _arus
_ageo
102 _aRU
105 _aa |||||||||
200 1 _aКаталог работ художника Ивана Долидзе (1947- )
_f[Авт. вступ. ст.: Н. Лолуа]
210 _a[Тбилиси]
_cБ. и.
_d1986
215 _a[32] с.
_cил., цв. ил., портр.
_d21
300 _aПарал. загл. на груз. яз.
300 _aВ надзаг.: М-во культуры ГССР, Союз художников ГССР, Дом художника
300 _aТекст парал. на рус. и груз. яз.
801 0 _aRU
_bNLR
_gpsbo
801 1 _aRU
_bELAR
_2rusmarc
852 _aNLR
_bЭ
_jКП/Д644
942 _cBOOK
980 _aNB